=LDR 00000nam 2200000 4500 =001 INLIS000000000044096 =005 20131008104618 =008 ***********************************Ind** =035 ##$$0010-101300000002018 =041 ##$$a Ind =082 ##$$a 701.15 =090 ##$$a 701.15, Jum s =100 ##$$a Jumanta =245 ##$$a Say it t-Shirt, Jumanta =260 ##$$a 2005 $b Jakarta =650 ##$$a Pakaian =850 ##$$a NBPNMAT